Every 100,000+ city in China: Shandong - Statistics

General Stats
  • This quiz has been taken 3 times
  • The average score is 39 of 115
Answer Stats
Letter Population City % Correct
J 8,694,706 Jinan
100%
L 107,314 | 4,428,121 Linyi
100%
Q 8,115,427 Qingdao
100%
R 1,811,353 Rizhao
100%
Y 2,703,366 Yantai
100%
Z 2,830,781 Zibo
100%
D 843,057 Dongying
67%
J 1,516,041 Jining
67%
T 1,664,050 Tai'an
67%
W 2,610,780 Weifang
67%
W 1,916,405 Weihai
67%
A 202,014 Anqiu
33%
B 1,185,905 Binzhou
33%
B 325,088 Boshan
33%
B 120,575 Boxing
33%
C 252,071 Cao
33%
C 123,100 Changyi
33%
C 107,907 Chiping
33%
D 1,292,090 Dezhou
33%
D 108,344 Dingtao
33%
D 111,623 Donge
33%
D 215,629 Dongming
33%
D 158,315 Dongping
33%
F 164,120 Fei
33%
G 101,535 Gangcheng
33%
G 205,180 Gaomi
33%
G 139,435 Gaotang
33%
G 133,069 Guan
33%
G 221,068 Guangrao
33%
H 121,620 Hekou
33%
H 1,197,222 Heze
33%
H 522,695 Huangdao
33%
H 120,070 Huantai
33%
H 106,176 Huimin
33%
J 702,165 Jiaozhou
33%
J 170,043 Jiaxiang
33%
J 147,105 Jinxiang
33%
J 331,129 Ju
33%
J 142,206 Juancheng
33%
J 250,131 Junan
33%
J 220,155 Juye
33%
K 128,955 Kenli
33%
L 238,045 Laiwu
33%
L 361,115 Laixi
33%
L 309,813 Laiyang
33%
L 223,359 Lanling
33%
L 152,170 Laoling
33%
L 150,803 Liangshan
33%
L 1,303,705 Liaocheng
33%
L 100,460 Lingcheng
33%
L 201,150 Linqing
33%
L 104,884 Linqu
33%
L 185,370 Linshu
33%
L 197,112 Linzi
33%
L 248,196 Longkou
33%
M 303,163 Mengyin
33%
M 192,065 Muping
33%
N 105,117 Ningjin
33%
N 113,071 Ningyang
33%
P 346,524 Penglai
33%
P 515,310 Pingdu
33%
P 320,897 Pingyi
33%
P 109,730 Pingyin
33%
P 103,019 Pingyuan
33%
Q 101,803 Qihe
33%
Q 103,962 Qingyun
33%
Q 209,055 Qingzhou
33%
Q 132,010 Qufu
33%
R 154,806 Rongcheng
33%
R 276,419 Rushan
33%
S 166,009 Shan
33%
S 103,380 Shanghe
33%
S 125,086 Shen
33%
S 155,003 Shouguang
33%
S 129,913 Sishui
33%
T 212,791 Tancheng
33%
T 541,089 Tengzhou
33%
W 403,291 Wendeng
33%
W 143,091 Wenshang
33%
W 105,662 Wucheng
33%
W 109,053 Wudi
33%
W 104,013 Wulian
33%
X 175,036 Xiajin
33%
Y 130,008 Yanggu
33%
Y 235,337 Yinan
33%
Y 422,616 Yishui
33%
Y 148,400 Yiyuan
33%
Y 135,011 Yucheng
33%
Y 301,594 Yuncheng
33%
Y 161,035 Yutai
33%
Z 506,134 Zaozhuang
33%
Z 100,910 Zhanhua
33%
Z 173,202 Zhaoyuan
33%
Z 169,066 Zhucheng
33%
Z 242,109 Zichuan
33%
Z 195,707 Zoucheng
33%
C 113,669 Changle
0%
C 116,521 Chengwu
0%
G 115,039 Gaoqing
0%
H 225,120 Haiyang
0%
J 102,363 Jiyang
0%
L 264,950 Laizhou
0%
L 228,625 Lanshan
0%
S 110,027 Shanting
0%
S 1,046,153 Shizhong
0%
T 219,296 Tai'erzhuang
0%
W 138,360 Weishan
0%
X 272,061 Xintai
0%
Y 145,972 Yanzhou
0%
Y 292,037 Yicheng
0%
Z 410,036 Zhangqiu
0%
Z 244,735 Zhoucun
0%
Z 101,260 Zhuangzhai
0%
Z 458,401 Zouping
0%
No matching quizzes found
Score Distribution
Percent of People with Each Score
Percentile by Number Answered
Your Score History
You have not taken this quiz